Ryukyu Islands, lists of post offices under the administration of the United States Government (1945-1961) (Record no. 2255)

000 -LEADER
fixed length control field 00591nam a22000977a 4500
008 - FIXED-LENGTH DATA ELEMENTS--GENERAL INFORMATION
fixed length control field 170213b xxu||||| |||| 00| 0 eng d
100 ## - MAIN ENTRY--AUTHOR'S NAME
Author's Name Schoberlin, Melvin
245 ## - TITLE STATEMENT
Title Ryukyu Islands, lists of post offices under the administration of the United States Government (1945-1961)
260 ## - PUBLICATION, DISTRIBUTION, ETC. (IMPRINT)
Place of publication, distribution, etc. Philadelphia ; Yokosuka, Kanagawa, [Japan]
Name of publisher, distributor, etc. Mogollon Press (Printed in Japan by Muramatsu Printing Co., Ltd. for distribution with Japanese Philately
Date of publication, distribution, etc. 1962
650 ## - TOPICAL TERM (Tag)
Topical term or geographic name Ryukyu Islands (1945-1972) | Post Offices | Postal History | 1945-1961 | United States -- Occupation of Ryukyu Islands | Post World War II
Holdings
Withdrawn status Lost status Source of classification or shelving scheme Damaged status Koha normalized classification for sorting Not for loan Collection code Permanent Location Current Location Shelving location Date acquired Total Checkouts Full call number Barcode Date last seen Copy number Price effective from
        G7962 R9 S363     Northern Philatelic Library Northern Philatelic Library General Stacks 02/13/2017   G7962 R9 S363 1002670 02/13/2017 1 02/13/2017

Powered by Koha